Spoločenstvá dvojkrídlovcov (Diptera, excl. Chironomidae) dvoch tokov Bukovských vrchov (Východné Karpaty)

Bibliographic Details
Main Authors: Bulánková, Eva, 1951- (Author), Halgoš, Jozef, 1946- (Author), Illéšová, Daniela, 1952- (Author)
Format: Article
Language:Slovak
PhysicalDescription:Obr., tab.
ISSN:1336-300X
Subjects:

MARC

LEADER 00000nab a2200000 ar4500
001 vtls009299977
003 SK-MaSNL
005 20260304212924.0
008 080603c2002 xo |||||||||||000 b|slo
015 |a SNBRB2008/06  |2 snkbucl 
038 |a SNKBUCL 
040 |a SNKBUCL  |b slo  |c SNKBUCL  |e AACR2 
041 1 |a slo  |b eng 
044 |a xo  |c SK 
080 |a 595.77:591.553  |x (437.6)  |2 1997 
080 |a 591.553  |x (437.6)  |2 1997 
100 1 |a Bulánková, Eva,  |d 1951-  |4 aut  |9 114580 
245 1 0 |a Spoločenstvá dvojkrídlovcov (Diptera, excl. Chironomidae) dvoch tokov Bukovských vrchov (Východné Karpaty)  |c Eva Bulánková, Jozef Halgoš, Daniela Illéšová 
300 |b Obr., tab. 
504 |a Bibliogr. odkazy 
546 |a Res. angl. 
650 0 7 |a dvojkrídlovce  |2 snkbucl  |9 782 
650 0 7 |a živočíšne spoločenstvá  |2 snkbucl  |9 82060 
651 7 |a Bukovské vrchy (Slovensko : pohorie)  |2 snkbucl  |9 57144 
651 7 |a Uh (Ukrajina a Slovensko : rieka)  |2 snkbucl  |9 31053 
700 1 |a Halgoš, Jozef,  |d 1946-  |4 aut  |9 114581 
700 1 |a Illéšová, Daniela,  |d 1952-  |4 aut  |9 114582 
773 0 |t Acta Facultatis Ecologiae : journal of Faculty of Ecology and Environmental Sciences Technical University in Zvolen  |g Vol. 9, 2002, s. 79-84  |x 1336-300X 
852 |a SNK  |b KIS3GCP 
958 |a NB 
958 |a SK 
999 |c 3133471  |d 3135401